000
00245nam a2200109 a 4500
005
20201002045020.0
008
140507s1991 000 spa d
020
_a
8479690194
245
0
_a
Cuentos.
260
_a
[s.l.],
_c
1991.
999
_c
43356
_d
43356
040
_a
DO-SdBNP